Handbuk ng Sikolohiyang Pilipino: bolyum 1: Perspektibo at Metodolihiyang= Handbook of Filipino Psychology: (Record no. 4719)
[ view plain ]
| 000 -LEADER | |
|---|---|
| fixed length control field | 00796nam a22002057a 4500 |
| 003 - CONTROL NUMBER IDENTIFIER | |
| control field | OSt |
| 005 - DATE AND TIME OF LATEST TRANSACTION | |
| control field | 20251008052728.0 |
| 008 - FIXED-LENGTH DATA ELEMENTS--GENERAL INFORMATION | |
| fixed length control field | 251008b |||||||| |||| 00| 0 eng d |
| 020 ## - INTERNATIONAL STANDARD BOOK NUMBER | |
| International Standard Book Number | 978-971-542-862-0 |
| 040 ## - CATALOGING SOURCE | |
| Original cataloging agency | DWCL-Main lib |
| Transcribing agency | OC |
| 082 ## - DEWEY DECIMAL CLASSIFICATION NUMBER | |
| Classification number | Res. 155.895 H236 2018 |
| 100 ## - MAIN ENTRY--PERSONAL NAME | |
| Personal name | Pe-Pua, Rogelia |
| 245 ## - TITLE STATEMENT | |
| Title | Handbuk ng Sikolohiyang Pilipino: bolyum 1: Perspektibo at Metodolihiyang= Handbook of Filipino Psychology: |
| Remainder of title | volume 1 :Perspectives and methodology/ |
| Statement of responsibility, etc. | Rogelia ,Pe-Pua |
| 260 ## - PUBLICATION, DISTRIBUTION, ETC. | |
| Place of publication, distribution, etc. | Quezon City: |
| Name of publisher, distributor, etc. | The University of the Philippine Press, |
| Date of publication, distribution, etc. | c2018. |
| 300 ## - PHYSICAL DESCRIPTION | |
| Extent | xxvii, 707 pages : |
| Other physical details | illustrations ; |
| Dimensions | 26cm. |
| 504 ## - BIBLIOGRAPHY, ETC. NOTE | |
| Bibliography, etc. note | Includes Bibliographical references |
| 650 ## - SUBJECT ADDED ENTRY--TOPICAL TERM | |
| Topical term or geographic name entry element | 1. Filipinos- Psychology |
| 650 ## - SUBJECT ADDED ENTRY--TOPICAL TERM | |
| Topical term or geographic name entry element | 2. Psychology- Methodology |
| 942 ## - ADDED ENTRY ELEMENTS (KOHA) | |
| Source of classification or shelving scheme | Dewey Decimal Classification |
| Koha item type | Book Circulation |
| Call number prefix | Circ. |
| Suppress in OPAC | No |
| 952 ## - LOCATION AND ITEM INFORMATION (KOHA) | |
| -- | |
| Withdrawn status | Lost status | Source of classification or shelving scheme | Damaged status | Not for loan | Home library | Current library | Shelving location | Date acquired | Source of acquisition | Total Checkouts | Full call number | Barcode | Date last seen | Copy number | Price effective from | Koha item type | Uniform Resource Identifier |
|---|---|---|---|---|---|---|---|---|---|---|---|---|---|---|---|---|---|
| Dewey Decimal Classification | College Library | College Library | Circulation | 01/28/2022 | School Fund | Res. 155.895 H236 2018 | CL53234 | 10/08/2025 | c1 | 10/08/2025 | BK-CIRC |